[Event "TH-S-1454"]
[Site "IECC email"]
[Date "2022.07.26"]
[Round "?"]
[White "Civin, Tomas"]
[Black "Garcia, Pascual"]
[Result "0-1"]
[WhiteElo "1900"]
[BlackElo "2047"]
[PlyCount "66"]
[EventDate "2022.??.??"]
[EventType "tourn (corr)"]
[SourceTitle "Corr 2024"]
[Source "ChessBase"]
[SourceDate "2023.10.19"]
[SourceVersion "1"]
[SourceVersionDate "2023.10.19"]
[SourceQuality "1"]
[WhiteTeam "Tschechien"]
[BlackTeam "Spanien"]
[WhiteTeamCountry "CZE"]
[BlackTeamCountry "ESP"]

1. e4 c6 2. d4 d5 3. exd5 cxd5 4. c4 Nf6 5. Nc3 Nc6 6. Nf3 Bg4 7. cxd5 Nxd5 8. Qb3 Bxf3 9. gxf3 e6 10. Qxb7 Nxd4 11. Bb5+ Nxb5 12. Qc6+ Ke7 13. Qxb5 Qd7 14. Nxd5+ Qxd5 15. Bg5+ f6 16. Qxd5 exd5 17. Be3 Kf7 18. 0-0-0 Rd8 19. Rd3 Rd7 20. Rhd1 Ke6 21. a3 Be7 22. Rc3 Bd6 23. h3 Be5 24. Bd4 Bxd4 25. Rxd4 Ke5 26. Rcd3 g5 27. b4 Rc8+ 28. Kb2 h5 29. Rd1 h4 30. Kb3 Rc1 31. Rxd5+ Rxd5 32. Rxc1 Rd3+ 33. Rc3 Kd4 0-1

[Event "TH-S-1431"]
[Site "IECC email"]
[Date "2022.03.03"]
[Round "?"]
[White "Garcia, Pascual"]
[Black "Hervas, Fernando"]
[Result "1/2-1/2"]
[WhiteElo "1990"]
[BlackElo "2124"]
[PlyCount "74"]
[EventDate "2022.??.??"]
[EventType "tourn (corr)"]
[SourceTitle "Corr 2024"]
[Source "ChessBase"]
[SourceDate "2023.10.19"]
[SourceVersion "1"]
[SourceVersionDate "2023.10.19"]
[SourceQuality "1"]
[WhiteTeam "Spanien"]
[BlackTeam "Spanien"]
[WhiteTeamCountry "ESP"]
[BlackTeamCountry "ESP"]

1. d4 Nf6 2. Bg5 g6 3. Bxf6 exf6 4. e3 f5 5. h4 d5 6. h5 Be6 7. hxg6 fxg6 8. c3 Nd7 9. Nd2 Bd6 10. c4 c6 11. Qb3 Rb8 12. 0-0-0 Nf6 13. Nh3 0-0 14. Kb1 Kg7 15. c5 Bc7 16. Nf4 Bd7 17. Nd3 Qe7 18. Qc2 b6 19. Ka1 Rb7 20. Be2 h5 21. Rb1 Rfb8 22. Bf3 Be8 23. Nb3 Ne4 24. Rhf1 b5 25. a3 g5 26. g3 g4 27. Bd1 a5 28. Rg1 Bd7 29. Qe2 Rh8 30. Bc2 a4 31. Nbc1 Rbb8 32. Nb4 Rbc8 33. Ncd3 Ng5 34. Ne1 Rce8 35. Rh1 Qf6 36. Qf1 Ne4 37. Qg2 Qe7 1/2-1/2

[Event "TH-S-1426"]
[Site "IECC email"]
[Date "2022.02.25"]
[Round "?"]
[White "Garcia, Pascual"]
[Black "Cruz, Eliecer"]
[Result "1-0"]
[WhiteElo "1989"]
[BlackElo "1953"]
[PlyCount "67"]
[EventDate "2022.??.??"]
[EventType "tourn (corr)"]
[SourceTitle "Corr 2024"]
[Source "ChessBase"]
[SourceDate "2023.10.19"]
[SourceVersion "1"]
[SourceVersionDate "2023.10.19"]
[SourceQuality "1"]
[WhiteTeam "Spanien"]
[BlackTeam "Kuba"]
[WhiteTeamCountry "ESP"]
[BlackTeamCountry "CUB"]

1. e4 d5 2. exd5 Qxd5 3. Nc3 Qa5 4. Nf3 Nf6 5. d4 Bf5 6. Bc4 e6 7. 0-0 Nbd7 8. Bb3 Bd6 9. Nd2 Bg4 10. f3 Bf5 11. Nc4 Qa6 12. Nxd6+ cxd6 13. g4 Bg6 14. f4 0-0 15. h4 h5 16. f5 exf5 17. gxf5 Bh7 18. Bg5 Rac8 19. Qf3 Qc6 20. Nd5 Nxd5 21. Bxd5 Qxc2 22. Bxf7+ Rxf7 23. Rac1 Qxc1 24. Rxc1 Rxc1+ 25. Bxc1 Nb6 26. Qxh5 Bxf5 27. Qe2 Kh7 28. h5 Bb1 29. Qe6 Rf5 30. h6 Rf6 31. Qe7 Rg6+ 32. Kf2 Bxa2 33. hxg7 Rxg7 34. Qxd6 1-0

[Event "TH-S-1410"]
[Site "IECC email"]
[Date "2022.01.15"]
[Round "?"]
[White "Van Boven, Maarten"]
[Black "Garcia, Pascual"]
[Result "1/2-1/2"]
[WhiteElo "1835"]
[BlackElo "1995"]
[PlyCount "120"]
[EventDate "2022.??.??"]
[EventType "tourn (corr)"]
[SourceTitle "Corr 2024"]
[Source "ChessBase"]
[SourceDate "2023.10.19"]
[SourceVersion "1"]
[SourceVersionDate "2023.10.19"]
[SourceQuality "1"]
[WhiteTeam "Niederlande"]
[BlackTeam "Spanien"]
[WhiteTeamCountry "NED"]
[BlackTeamCountry "ESP"]

1. d4 d5 2. e4 dxe4 3. Nc3 Nf6 4. f3 Bf5 5. g4 Bg6 6. g5 Nd5 7. fxe4 Nxc3 8. bxc3 Bxe4 9. Nf3 e6 10. Bd3 Bxd3 11. Qxd3 Nc6 12. c4 Qd7 13. Bb2 Bb4+ 14. Bc3 Bxc3+ 15. Qxc3 0-0 16. 0-0-0 b5 17. cxb5 Ne7 18. Qc5 a6 19. d5 exd5 20. Rhe1 Rfe8 21. bxa6 Rxa6 22. a3 c6 23. Rd3 Nf5 24. Rxe8+ Qxe8 25. Rb3 Ra8 26. a4 h6 27. gxh6 Nxh6 28. a5 Nf5 29. Rb6 Ne3 30. Qxc6 Qf8 31. Qd6 Nc4 32. Qxf8+ Kxf8 33. Rb5 Rxa5 34. Rxa5 Nxa5 35. Kd2 Nc4+ 36. Kc3 Ke7 37. Kd4 Kd6 38. h3 Na3 39. Kd3 Ke6 40. Ng5+ Ke7 41. h4 Nb5 42. Ke3 Nc7 43. Nf3 Nb5 44. Ne5 Ke6 45. Nd3 g6 46. Kf4 Na3 47. Nb4 Nb5 48. Nc6 f6 49. Ke3 Kd6 50. Nb4 Nc7 51. Nd3 Ne6 52. c3 Kc6 53. Nf2 Kd6 54. Nd3 Ng7 55. Kf4 Kc6 56. Kg3 Kb5 57. Kg4 Nh5 58. Nb2 Ng7 59. Nd3 Nh5 60. Nb2 Kc6 1/2-1/2

[Event "IECC O-4132"]
[Site "IECC email"]
[Date "2015.11.23"]
[Round "?"]
[White "Garcia, Pascual"]
[Black "Davies, Neil"]
[Result "1-0"]
[WhiteElo "1948"]
[BlackElo "2021"]
[PlyCount "59"]
[EventDate "2015.??.??"]
[EventType "swiss (corr)"]
[EventRounds "2"]
[SourceTitle "Corr 2020"]
[Source "ChessBase"]
[SourceDate "2019.09.30"]
[SourceVersion "1"]
[SourceVersionDate "2019.09.30"]
[SourceQuality "1"]
[WhiteTeam "Spain"]
[BlackTeam "England"]
[WhiteTeamCountry "ESP"]
[BlackTeamCountry "ENG"]

1. e4 e5 2. Nf3 Nc6 3. Bc4 Nf6 4. d3 Be7 5. 0-0 d6 6. a4 0-0 7. Re1 Be6 8. Nbd2 a6 9. h3 Qd7 10. c3 Na5 11. Bxe6 fxe6 12. b4 Nc6 13. Qb3 Nh5 14. Nf1 Kh8 15. Bd2 Nf4 16. Bxf4 Rxf4 17. N1d2 b6 18. Nc4 Rff8 19. b5 axb5 20. axb5 Na5 21. Nxa5 bxa5 22. Reb1 Rfb8 23. c4 Ra7 24. d4 Bf6 25. dxe5 Bxe5 26. Qe3 Raa8 27. Nxe5 dxe5 28. Rd1 Qe7 29. Qa3 Qb4 30. Rd7 1-0

[Event "IECC CL3-2012.08 email"]
[Site "IECC email"]
[Date "2013.02.12"]
[Round "?"]
[White "Martins, Karin"]
[Black "Garcia, Pascual"]
[Result "1/2-1/2"]
[WhiteElo "1938"]
[BlackElo "1948"]
[PlyCount "74"]
[EventDate "2012.??.??"]
[EventType "tourn (corr)"]
[EventRounds "4"]
[SourceTitle "Telechess CBM 165"]
[Source "ChessBase"]
[SourceDate "2015.03.11"]
[SourceVersion "1"]
[SourceVersionDate "2015.03.11"]
[SourceQuality "1"]
[WhiteTeam "Germany"]
[BlackTeam "Spain"]
[WhiteTeamCountry "GER"]
[BlackTeamCountry "ESP"]

1. e4 c5 2. Nf3 d6 3. d4 cxd4 4. Nxd4 Nf6 5. Nc3 g6 6. Be3 Bg7 7. f3 0-0 8. Qd2 Nc6 9. Bc4 Bd7 10. h4 Ne5 11. Bb3 h5 12. 0-0-0 Rb8 13. Nde2 a6 14. Nf4 b5 15. Ba7 Rb7 16. Bd4 e6 17. Nce2 Nc4 18. Bxc4 bxc4 19. Bc3 e5 20. Nd5 Nxd5 21. Qxd5 Qb6 22. Kb1 Rfb8 23. Qxd6 Bc6 24. a3 a5 25. Qd2 f6 26. Rhg1 Bf8 27. Ka1 Bc5 28. Rgf1 Bb4 29. Qc1 Bd7 30. Rd2 Bc6 31. Rdd1 Kg7 32. g4 Bxc3 33. Nxc3 Qxb2+ 34. Qxb2 Rxb2 35. Rd2 Kh6 36. Rc1 R2b6 37. Rd6 Ba8 1/2-1/2